Sociology / (Record no. 5483)

MARC details
000 -LEADER
fixed length control field 01020cam a22001694a 4500
020 ## - INTERNATIONAL STANDARD BOOK NUMBER
ISBN 0131134965
020 ## - INTERNATIONAL STANDARD BOOK NUMBER
ISBN 9780131134966
050 00 - CALL NUMBER
Classification number HM586
Item number .T87
100 1# - AUTHOR
Personal name Turner, Jonathan H.
245 10 - TITLE
Title Sociology /
Statement of responsibility, etc Jonathan H. Turner.
260 ## - PUBLICATION INFORMATION
Place of publication Upper Saddle River, N.J. :
Name of publisher Pearson Prentice Hall,
Year of publication c2006.
300 ## - DESCRIPTION
Number of Pages xiv, 418 p. :
Other physical details ill. ;
Dimensions 26 cm.
500 ## - NOTES
General note Includes index.
505 0# - FORMATTED CONTENTS NOTE
Table of Content Prologue: gaining perspective from a timeline of human society -- The origins and nature of sociology -- The scientific method and sociology -- Theoretical perspectives in sociology -- Biology -- Culture -- Social structure -- Social interaction -- Socialization -- Social control -- Encounters -- Groups -- Organizations -- Communities -- Class stratification -- Ethnic stratification -- Gender stratification -- Economy -- Government -- Kinship and family -- Religion -- Education -- Social movements -- Revolution, war, and terrorism -- Globalization -- Population and ecology.
650 #0 - SUBJECTS
Topical Term Sociology.
942 ## - ADDED ENTRY ELEMENTS (KOHA)
Koha item type Books
Holdings
Withdrawn status Lost status Collection code Home library Current library Shelving location Date acquired Full call number Accession Number Koha item type
    Reference Methodist University Library Main Methodist University Library Main General Stacks   HM586 .T87 23200 Books
    Reference Methodist University Library Main Methodist University Library Main General Stacks   HM586 .T87 28053 Books
Copyright © 2026  MUG Library